| 000 | 01583nam a22004337a 4500 | ||
|---|---|---|---|
| 003 | CHAP | ||
| 005 | 20220329135223.0 | ||
| 008 | 971013s1976 r 00010 d | ||
| 010 | _a32839 | ||
| 011 | _a33811 | ||
| 035 | _a37927 | ||
| 040 | _cCHAP | ||
| 090 | _aTesis | ||
| 100 | 0 | 0 |
_aLópez Peralta, María Cristina Guadalupe. _968215 |
| 245 | _aEstudio sobre el desarrollo de citocultivos de Phaseolus vulgaris y Lycopersicum esculentum en medios suplemetados con aguamiel y agua de coco | ||
| 260 |
_aChapingo, Méx. : _bEl autor, _c1976 |
||
| 300 |
_a94 h. _b: ilus. |
||
| 500 | _ac.4 en bodega | ||
| 502 | _aTesis (M.C. Esp. en Genética) -- ENA. Colegio de Postgraduados | ||
| 590 |
_aALEPH _b10 _c20130110 _lUCH01 _h1256 |
||
| 590 |
_aBATCH-UPD _b10 _c20130110 _lUCH01 _h0319 |
||
| 590 |
_aBATCH-UPD _b10 _c20130110 _lUCH01 _h1640 |
||
| 590 |
_aBATCH-UPD _b10 _c20130409 _lUCH01 _h2352 |
||
| 590 |
_aBATCH-UPD _b10 _c20130410 _lUCH01 _h1527 |
||
| 590 |
_aBATCH-UPD _b10 _c20130913 _lUCH01 _h2331 |
||
| 590 |
_aCONVERSION _b10 _c20130109 _lUCH01 _h1318 |
||
| 650 | 1 | 4 |
_aAgua de coco. _92411 |
| 650 | 1 | 4 |
_aAguamiel. _92574 |
| 650 | 1 | 4 |
_aCultivo de tejidos. _930213 |
| 650 | 1 | 4 |
_aFrijol _xCrecimiento. _943356 |
| 650 | 1 | 4 |
_aPlantas _xCrecimiento _xAditivos. _988804 |
| 650 | 1 | 4 |
_aTomate _xCrecimiento. _9113702 |
| 710 | 0 |
_aENA. Colegio de Postgraduados. Chapingo, Méx. Rama de Genética. _936687 |
|
| 901 | _aBK | ||
| 942 | _cFOLL | ||
| 949 |
_bBC _cTES _d-86900 _eTS1 _i37927 _si |
||
| 949 |
_bBC _cTES _d-86901 _eTS2 _fc.2 _i37927 _si |
||
| 949 |
_bBC _cTES _d-86902 _eTS2 _fc.3 _i37927 _si |
||
| 999 |
_c32839 _d32839 |
||